| 000 | 00572nam a2200193Ia 4500 | ||
|---|---|---|---|
| 005 | 20250508152846.0 | ||
| 008 | 008 250505s9999 xx 000 0 eng d | ||
| 037 | _aTextual | ||
| 040 |
_aFEDL _beng _cFEDL |
||
| 041 |
_aeng _2eng |
||
| 084 |
_a904.54, PHI _qFEDL |
||
| 100 | _aPhilips C H Ed. | ||
| 245 | 0 | _aHistorians of India, Pakissan an and Ceylon | |
| 260 |
_aLondon, UK _bOxford University Press _c1961 |
||
| 300 | _aix,504p. | ||
| 490 | _aHistorical Writing on the people of Asia | ||
| 942 |
_cTEXL _h904.54, PHI |
||
| 999 |
_c1339242 _d1339242 |
||